000 00601nam a22002177a 4500
003 UA-OsUOA
001 67104
007 ta
008 20100210b un ||||| |||| 00| 0 ukr d
100 _aКостюк С.
090 _a94(477)
_bК72
942 _cSA
040 _aUA-OsUOA
_bukr
_cUA-OsUOA
_dUA-OsUOA
245 _aЗлука УНР і ЗУНР: уроки для сучасної України
300 _aС.12-14
955 _a0
041 _aukr
080 _a94(477)
773 0 _w67101
_tВіче
_dК.
_d2010
_g2
650 7 _a9 Географія. Біографії. Історія
_2UDC
999 _c353297
_d353297